01099nam a2200241Ia 4500001000600000003000900006008004100015040001300056040001300069041001300082100002200095100002900117245009300146245004300239250001100282260001100293260001100304260004900315300005500364500037900419650002800798650003100826F2052IT-RoPAU130308s9999 xx 000 0 und d aIT-RoPAU cIT-RoPAU aITALIANO aDe Ritis Raffaele gCodice Aut. SPICS: 50595 aTex avery, la tradizione del Vaudeville e la comicità americana tra gli anni '30 e '40 bWhat'S Up, Tex? Il Cinema di Tex Avery a1a ed. aTORINO bLindau c1998 [1° Ed.:1998 - Ed.Ling.Originale:1998] a"8 p. (prefazione: no ; testo: 8 [pagine: 53-60])" aCinema di Animazione e Comicità Cinematografica Negli Anni '30 e '40: Fratelli Marx, W. Fields. Lavoro di Avery e Vaudeville: Interazione tra schermo e Spettatore. Analisi di Alcuni cartoni Animati di Avery. Deformazione paradossale del Cinema di Avery: Slapstick e Gag. Comicità di Avery (Mgm) e degli Altri Studi di Animazione degli Anni '40 (Disney, Hanna e Barbera). aAUTORI/OPERE DEL CINEMA eCodice materia Spics: 6807